The Abominations of Modern Society (Record no. 242359)
[ view plain ]
| 000 -LEADER | |
|---|---|
| fixed length control field | 01103cam a22002413a 4500 |
| 001 - CONTROL NUMBER | |
| control field | 13104 |
| 003 - CONTROL NUMBER IDENTIFIER | |
| control field | PGUSA |
| 005 - DATE AND TIME OF LATEST TRANSACTION | |
| control field | 20140828083301.0 |
| 008 - FIXED-LENGTH DATA ELEMENTS--GENERAL INFORMATION | |
| fixed length control field | 040803s2004||||xxu|||||s|||||000 | eng d |
| 040 ## - CATALOGING SOURCE | |
| Original cataloging agency | PGUSA |
| Language of cataloging | eng |
| 042 ## - AUTHENTICATION CODE | |
| Authentication code | dc |
| 050 #4 - LIBRARY OF CONGRESS CALL NUMBER | |
| Classification number | BJ |
| 100 1# - MAIN ENTRY--PERSONAL NAME | |
| Personal name | Talmage, T. De Witt |
| Fuller form of name | (Thomas De Witt), |
| Dates associated with a name | 1832-1902 |
| 245 14 - TITLE STATEMENT | |
| Title | The Abominations of Modern Society |
| Medium | [electronic resource] / |
| Statement of responsibility, etc | T. De Witt Talmage |
| 260 ## - PUBLICATION, DISTRIBUTION, ETC. (IMPRINT) | |
| Name of publisher, distributor, etc | Project Gutenberg, |
| Date of publication, distribution, etc | 2004 |
| 505 0# - FORMATTED CONTENTS NOTE | |
| Formatted contents note | The Curtain Lifted -- Winter Nights -- The Power of Clothes -- After Midnight -- The Indiscriminate Dance -- The Massacre by Needle and Sewing-Machine -- Pictures in the Stock Gallery -- Leprous Newspapers -- The Fatal Ten-Strike -- Some of the Club-Houses -- Flask, Bottle, and Demijohn -- House of Blackness of Darkness -- The Gun that Kicks over the Man who Shoots it off -- Lies: White and Black -- The Good Time Coming |
| 506 ## - RESTRICTIONS ON ACCESS NOTE | |
| Terms governing access | Public domain in the USA. |
| 516 ## - TYPE OF COMPUTER FILE OR DATA NOTE | |
| Type of computer file or data note | Electronic text |
| 653 ## - INDEX TERM--UNCONTROLLED | |
| Uncontrolled term | Conduct of life |
| 830 #0 - SERIES ADDED ENTRY--UNIFORM TITLE | |
| Uniform title | Project Gutenberg |
| Volume number/sequential designation | 13104 |
| 856 40 - ELECTRONIC LOCATION AND ACCESS | |
| Uniform Resource Identifier | <a href="http://www.gutenberg.org/ebooks/13104">http://www.gutenberg.org/ebooks/13104</a> |
| 942 ## - ADDED ENTRY ELEMENTS (KOHA) | |
| Koha item type | eBooks |
| Withdrawn status | Lost status | Damaged status | Home library | Current library | Date acquired | Total Checkouts | Date last seen | Price effective from | Koha item type |
|---|---|---|---|---|---|---|---|---|---|
| Project Gutenberg | Project Gutenberg | 08/28/2014 | 08/28/2014 | 08/28/2014 | eBooks |